[Event "CZE-chT 9697"]
[Site "CZE"]
[Date "1997.??.??"]
[Round "3"]
[White "Turner, Jan"]
[Black "Oral, Tomas"]
[Result "0-1"]
[WhiteElo "2295"]
[BlackElo "2415"]

1.d4 g6 2.e4 Bg7 3.Nc3 d6 4.f3 c6 5.Bc4 b5 6.Bb3 Nf6 7.a4 b4 8.Nce2 O-O 9.Be3 Qc7
10.c3 Na6 11.c4 e5 12.c5 exd4 13.cxd6 Qxd6 14.Nxd4 Nh5 15.Nge2 Nc5 16.Bc4 Be5
17.Qc2 b3 18.Nxb3 Nxb3 19.Bxb3 Re8 20.Rd1 Qc7 21.g3 Rb8 22.Kf2 Ba6 23.g4 Bxe2
24.Kxe2 Nf4+ 25.Bxf4 Bxf4 26.Rd3 Bxh2 27.Kf1 Be5 28.Kg2 Rb7 29.Rhd1 Reb8
30.a5 Qe7 31.a6 Rc7 32.Rh1 c5 33.f4 c4 34.fxe5 cxd3 35.Qd2 Rxb3 36.Qh6 f6
37.exf6 Qxe4+ 38.Kg3 d2+ 39.Kh4 Rxb2 40.Qg5 Qxh1+  0-1

[Event "CZE-chT 9697"]
[Site "CZE"]
[Date "1997.??.??"]
[Round "5"]
[White "Karlik, Jiri"]
[Black "Pekarek, Ales"]
[Result "1/2-1/2"]
[WhiteElo "2345"]
[BlackElo "2440"]

1.e4 g6 2.d4 Bg7 3.Nc3 d6 4.h4 Nf6 5.Be2 c6 6.h5 Nxh5 7.Bxh5 gxh5 8.Rxh5 Qb6
9.Nge2 Bg4 10.Rg5 Bxe2 11.Nxe2 Bf6 12.Rf5 Nd7 13.c3 O-O-O 14.Qb3 Qxb3 15.axb3 a6
16.Be3 Rdg8 17.g3 h5 18.Kd2 h4 19.Rh1 hxg3 20.Rxh8 Rxh8 21.Nxg3 e6 22.Rh5 Rxh5
23.Nxh5 d5 24.e5 Bh4 25.f4 f5  1/2-1/2

[Event "CZE-chT 9697"]
[Site "CZE"]
[Date "1997.??.??"]
[Round "9"]
[White "Votava, Jan"]
[Black "Nedela, Vlastimil"]
[Result "1-0"]
[WhiteElo "2530"]
[BlackElo "2375"]

1.e4 g6 2.d4 Bg7 3.Nc3 d6 4.Be3 c6 5.Qd2 Nd7 6.f4 b5 7.Nf3 Bb7 8.Bd3 Ngf6
9.e5 Ng4 10.O-O-O Nb6 11.Bg1 b4 12.Ne4 Nd5 13.Bc4 a5 14.h3 Nh6 15.g4 Nc7
16.Ng3 Ba6 17.Bxa6 Rxa6 18.Be3 dxe5 19.f5 Qd5 20.dxe5 O-O 21.Bxh6 Qxf3 22.Bxg7 Kxg7
23.Nh5+ Kh8 24.Rhf1 Qe4 25.Rfe1 Qc4 26.Qd8 Re8 27.Qxc7 gxh5 28.Rd8 Ra8 29.Rxa8 Rxa8
30.Qxe7 hxg4 31.hxg4 Qf4+ 32.Kb1 Kg8 33.e6 Rf8 34.exf7+ Rxf7 35.Qe8+ Kg7
36.Qe2 Rd7 37.b3 Qd4 38.Rf1 Qf6 39.Qf3 Rd5 40.Rg1 Qd4  1-0

[Event "Providencia op"]
[Site "Debrecen"]
[Date "1997.??.??"]
[Round "7"]
[White "Kiss, Fernanda"]
[Black "Laszlo, Janos"]
[Result "1/2-1/2"]
[WhiteElo "2270"]
[BlackElo "2295"]

1.e4 g6 2.d4 Bg7 3.Nc3 d6 4.g3 Nf6 5.Bg2 O-O 6.Nge2 Nbd7 7.h3 e5 8.Be3 exd4
9.Bxd4 Ne5 10.O-O Re8 11.f4 Nc6 12.Bf2 h5 13.Qd2 Bd7 14.Rad1 Qe7 15.Rfe1 a6
16.Nd4 Qf8 17.a4 Rab8 18.Kh2 Rbd8 19.b3 Bh6 20.Re2 Bg7 21.Rde1 Nxd4 22.Bxd4 Bc6
23.a5 Nd7 24.Nd5 Bxd5 25.Bxg7 Qxg7 26.exd5 Rxe2 27.Rxe2 h4 28.g4 g5 29.fxg5 Ne5
30.Qf4 Re8 31.Re4 Rb8 32.Qf6 Re8 33.Kg1 Rc8 34.Rb4 Rb8 35.Qe7 Ng6 36.Qf6 Ne5
37.Kf2 Nd7 38.Qxg7+ Kxg7 39.Rc4 Kg6 40.Rxc7 Ne5 41.Be4+ Kxg5 42.Bf5 b6 43.Rc6 bxa5
44.Rxd6 Rb5 45.Rd8 Kf4 46.d6 Rd5 47.d7  1/2-1/2

[Event "DEN-chT 9697"]
[Site "?"]
[Date "1997.??.??"]
[Round "5"]
[White "Jaksland, Tim"]
[Black "Andersen, Kaare Vissing"]
[Result "1/2-1/2"]
[WhiteElo "2225"]
[BlackElo "2265"]

1.e4 g6 2.d4 Bg7 3.Nc3 d6 4.f4 c6 5.Nf3 Bg4 6.Be3 Nd7 7.h3 Bxf3 8.Qxf3 e6
9.e5 d5 10.g4 Bh6 11.Bd3 Ne7 12.O-O O-O 13.Kh1 c5 14.f5 Bxe3 15.Qxe3 Kh8
16.Nb5 c4 17.f6 Nc8 18.Be2 a6 19.Nc3 Rg8 20.h4 Qf8 21.Bf3 b5 22.Rf2 Ncb6
23.Ne2 Qb4 24.Rb1 Nf8 25.g5 Rc8 26.c3 Qa4 27.Qc1 b4 28.Nf4 Qa5 29.Rh2 Na4
30.Ne2 Rb8 31.Rg2 Nd7 32.cxb4 Qxb4 33.a3 Qb3 34.Rg3 Qb7 35.Rg1 Rge8 36.Qd2 c3
37.bxc3 Qxb1 38.Rxb1 Rxb1+ 39.Kg2 Reb8 40.Qd3 R1b6 41.Kg3 Nb2 42.Qc2 Nc4
43.h5 Nf8 44.Nf4 Ne3 45.Qd3 Nf5+ 46.Kh3 Rc8 47.Ne2 Rc4 48.hxg6 hxg6 49.Bg4 Rb3
50.Bxf5 exf5 51.Qg3 Ne6 52.Qh4+ Kg8 53.Kg2 Rxa3 54.Kf2 Ra2 55.Ke3 a5 56.Qh1 Rb2
57.Qa1 Rb5 58.Qa3 a4 59.Qe7 Rc8 60.Qd7 Rcb8 61.Nf4 Nf8 62.Qa7 a3 63.Qxa3 Rb3
64.Qa5 R8b5 65.Qc7 Rb7 66.Qc6 R7b6 67.Qxd5 Rxc3+ 68.Kd2 Ra3 69.Kc2 Rba6 70.Kb2 R3a5
71.Qd8 Rb5+ 72.Kc3 Rc6+ 73.Kd3 Rb3+ 74.Kd2 Rb2+ 75.Kd3 Rb3+ 76.Kd2 Rb2+ 77.Kd3 Rb3+
78.Kd2 Rb2+ 79.Kd3  1/2-1/2

[Event "DEN-chT 9697"]
[Site "?"]
[Date "1997.??.??"]
[Round "6"]
[White "Hoiberg, Nina"]
[Black "Christensen, Tobias"]
[Result "0-1"]
[WhiteElo "2265"]
[BlackElo "2400"]

1.e4 g6 2.d4 Bg7 3.Nc3 d6 4.f4 Nf6 5.Nf3 c5 6.dxc5 Qa5 7.Bd3 Qxc5 8.Qe2 Nc6
9.Be3 Qa5 10.O-O Bg4 11.h3 Bxf3 12.Rxf3 Nd7 13.Rd1 Nd4 14.Bxd4 Bxd4+ 15.Kh1 Bxc3
16.bxc3 O-O-O 17.Bc4 f6 18.Be6 Kb8 19.Bxd7 Rxd7 20.e5 Qxa2 21.exf6 exf6 22.Re3 Rc8
23.Re6 Qc4 24.Rd3 Qxf4 25.Qd1 f5 26.Rd4 Qg3 27.Rd3 Qf4 28.Rd4 Qg3 29.Rd3 Qh4
30.Rdxd6 Rdc7 31.Rd4 Qg5 32.Rd7 Rxd7 33.Qxd7 Qc1+ 34.Kh2 Qf4+ 35.Kh1 Qc1+
36.Kh2 Qf4+ 37.Kh1 Qc7 38.Qb5 Rd8 39.Re8 a6 40.Rxd8+ Qxd8 41.Qe5+ Qc7 42.Qd4 b5
43.Qd5 Ka7 44.Qd4+ Kb7 45.Qd5+ Kb8 46.Qd4 a5 47.Qd5 Qxc3 48.Qxb5+ Kc7 49.Qe8 Qxc2
50.Qe5+ Kb6 51.Qb8+ Ka6 52.Qa8+ Kb5 53.Qb7+ Ka4 54.Qd7+ Kb4 55.Qb7+ Ka3 56.Qe7+ Kb2
57.Qe5+ Qc3 58.Qe2+ Kb1 59.Qb5+ Ka2 60.Qa4+ Kb2 61.Qd7 Qc1+ 62.Kh2 Qf4+ 63.Kh1 a4
64.Qb5+ Kc3 65.Qa5+ Kd3 66.Qb5+ Qc4 67.Qb1+ Kd2 68.Qb2+ Qc2 69.Qd4+ Ke2 70.Qe5+ Qe4
71.Qb2+ Kf1 72.Kh2 Qf4+ 73.Kh1 Qf2 74.Qb5+ Qe2 75.Qb1+ Qe1 76.Qa2 a3 77.Qc2 f4
78.Kh2 Qg3+ 79.Kh1 Qe3 80.Qd1+ Kf2 81.Qc2+ Kg3 82.Qb1 a2 83.Qd1 Qe2 84.Qb3+ Kh4
85.Kh2 a1=Q 86.Qf7 Qae5  0-1

[Event "DEN-chT 9697"]
[Site "?"]
[Date "1997.??.??"]
[Round "7"]
[White "Pedersen, Nicolai Vesterbaek"]
[Black "Hutters, Tomas"]
[Result "1/2-1/2"]
[WhiteElo "2290"]
[BlackElo "2425"]

1.e4 g6 2.d4 Bg7 3.Nc3 d6 4.f4 Nd7 5.Nf3 c5 6.d5 a6 7.a4 Ngf6 8.Be2 O-O 9.O-O Ne8
10.Qe1 f5 11.exf5 gxf5 12.Ng5 Ndf6 13.Bd3 Nc7 14.Ne6 Bxe6 15.dxe6 Nfd5 16.g4 Nb4
17.gxf5 Nxd3 18.cxd3 Rxf5 19.Ne4 Nxe6 20.Ng3 Rf6 21.Nh5 Nd4 22.Nxf6+ Bxf6
23.Bd2 Kh8 24.Rb1 Qd7 25.a5 Qh3 26.Qe4 Nf5 27.Bc3 Rg8+ 28.Kf2 Qxh2+ 29.Ke1 Qc2
30.Bxf6+ exf6 31.Rd1 Ng3 32.Rf2 Qxf2+ 33.Kxf2 Nxe4+ 34.dxe4 Rd8 35.Kf3 Kg7
36.Rg1+ Kf7 37.Rh1 Kg7 38.Rg1+  1/2-1/2

[Event "Dhaka"]
[Site "Dhaka"]
[Date "1997.??.??"]
[Round "4"]
[White "Thipsay, Praveen Mahadeo"]
[Black "Plaskett, Jim"]
[Result "1-0"]
[WhiteElo "2460"]
[BlackElo "2455"]

1.e4 d6 2.d4 g6 3.Nc3 Bg7 4.f4 Nf6 5.Nf3 c5 6.dxc5 Qa5 7.Bd3 Qxc5 8.Qe2 Bg4
9.Be3 Qa5 10.O-O O-O 11.Qf2 Bxf3 12.Qxf3 Nc6 13.Kh1 Rac8 14.a3 Qh5 15.Qg3 d5
16.exd5 Nxd5 17.Be2 Qf5 18.Bg4 Qxg4 19.Qxg4 Nxe3 20.Qh3 Nxf1 21.Rxf1 Rfd8
22.Ne4 e6 23.c3 h5 24.Qf3 Rd5 25.Rd1 Rcd8 26.Rxd5 exd5 27.Nc5 Re8 28.h3 d4
29.Nxb7 Re1+ 30.Kh2 Ne5 31.fxe5 Bxe5+ 32.g3 Re3 33.Qd5 dxc3 34.bxc3 h4 35.Qd8+ Kg7
36.Qxh4 Rxc3 37.a4 f6 38.Kg2 g5 39.Qg4 Kg6 40.Qe4+ Kg7 41.g4 Rg3+ 42.Kf1 Rxh3
43.Nd8  1-0

[Event "Dhaka"]
[Site "Dhaka"]
[Date "1997.??.??"]
[Round "8"]
[White "Hasan, Kayes"]
[Black "Prasad, Devaki V"]
[Result "0-1"]
[WhiteElo "2255"]
[BlackElo "2450"]

1.e4 g6 2.d4 Bg7 3.Nc3 d6 4.Be3 a6 5.f4 b5 6.Nf3 Bb7 7.a3 Nd7 8.Bd3 c5 9.dxc5 Nxc5
10.Bxc5 dxc5 11.e5 f5 12.O-O Qb6 13.Be2 Rd8 14.Qe1 e6 15.Qf2 Nh6 16.h3 Nf7
17.b4 Qc6 18.a4 cxb4 19.Nxb5 O-O 20.Nbd4 Qc8 21.Rab1 a5 22.c3 Be4 23.Rbc1 bxc3
24.Qe3 c2 25.Qb3 Qc5 26.Qc4 Qa3 27.Nxc2 Qb2 28.Ncd4 Rfe8 29.Qb3 Qxb3 30.Nxb3 Bh6
31.g3 Bf8 32.Bb5 Re7 33.Nxa5 Ra8 34.Nc6 Rc7 35.Nfd4 Bd5 36.a5 Ba3 37.Rc2 Nd8
38.Ra1 Nxc6 39.Rxa3 Nxd4 40.Rxc7 Nxb5  0-1

[Event "Dieren op"]
[Site "Dieren"]
[Date "1997.??.??"]
[Round "8"]
[White "De Vilder, Hans"]
[Black "Jonker, Marc"]
[Result "1-0"]
[WhiteElo "2185"]
[BlackElo "2295"]

1.e4 d6 2.d4 g6 3.Nc3 Bg7 4.Be3 a6 5.f4 b5 6.Bd3 Bb7 7.Nf3 Nd7 8.e5 c5 9.O-O cxd4
10.Bxd4 dxe5 11.fxe5 Nxe5 12.Bxe5 Bxe5 13.Bxb5+ axb5 14.Qxd8+ Rxd8 15.Nxe5 b4
16.Nb5 Nf6 17.Nd3 O-O 18.Nxb4 Ng4 19.Nd3 Rd5 20.Nc3 Rh5 21.h3 Ne3 22.Rf2 Rg5
23.Ne1 f5 24.Nd1 Nc4 25.b3 Nd6 26.Nf3 Rh5 27.c4 Ne4 28.Rc2 g5 29.Nf2 Rd8
30.c5 Rh6 31.b4 Ng3 32.Ne5 Rd5 33.c6 Bc8 34.Ned3 e5 35.Rc5 Rxc5 36.Nxc5 Rxc6
37.a4 e4 38.a5 e3 39.Nfd3 f4 40.a6 Bxa6 41.Rxa6 Rc8 42.b5 Rd8 43.b6 Ne2+
44.Kf1  1-0

[Event "CAN-chJ"]
[Site "Edmonton"]
[Date "1997.??.??"]
[Round "9"]
[White "Goldenberg, Danny"]
[Black "Hua Lefong"]
[Result "1/2-1/2"]
[WhiteElo "2270"]
[BlackElo "2220"]

1.d4 g6 2.e4 Bg7 3.Nc3 d6 4.Nf3 Nd7 5.Be2 a6 6.a4 b6 7.O-O Bb7 8.Re1 h6 9.h3 e6
10.Be3 Ngf6 11.Bd3 O-O 12.Qd2 Kh7 13.Nh2 c5 14.Rad1 cxd4 15.Bxd4 Qc7 16.f4 e5
17.Bf2 Nc5 18.Nf3 Rad8 19.fxe5 dxe5 20.Qe3 Nfd7 21.b4 Nxd3 22.Rxd3 Rfe8 23.Red1 Bf6
24.Nd5 Bxd5 25.Rxd5 a5 26.c3 Be7 27.Rb1 axb4 28.cxb4 Qc2 29.Qb3 Qxb3 30.Rxb3 Nf6
31.Rxe5 Rd1+ 32.Be1 Ra1 33.a5 bxa5 34.Rxa5 Rxa5 35.bxa5 Nxe4  1/2-1/2

[Event "ROM-chT"]
[Site "Eforie Nord"]
[Date "1997.??.??"]
[Round "?"]
[White "Bogdan, Dan"]
[Black "Badea, Bela"]
[Result "0-1"]
[WhiteElo "2400"]
[BlackElo "2525"]

1.e4 g6 2.d4 Bg7 3.Nc3 d6 4.Be3 c6 5.a4 Nf6 6.h3 O-O 7.Nf3 Nbd7 8.Be2 Qc7
9.O-O e5 10.dxe5 Nxe5 11.Nd2 Re8 12.Re1 b6 13.f4 Ned7 14.Bf3 Nc5 15.a5 Rb8
16.axb6 axb6 17.Bf2 Be6 18.Ne2 Bd7 19.Nc3 Be6 20.Ne2 b5 21.e5 Nfd7 22.exd6 Qxd6
23.c3 Bd5 24.Nf1 Ne4 25.Bd4 Nef6 26.Bxd5 Qxd5 27.b4 Re7 28.Nc1 Rxe1 29.Qxe1 Re8
30.Qd1 Qe4 31.Nd3 Nd5 32.Bxg7 Kxg7 33.Qd2 Qc4 34.Rc1 N5f6 35.Ng3 Re3 36.Nb2 Qxf4
37.Nf1 Re4 38.Qxf4 Rxf4 39.Rc2 Re4  0-1

[Event "ROM-chT"]
[Site "Eforie Nord"]
[Date "1997.??.??"]
[Round "?"]
[White "Berescu, Alin"]
[Black "Moldovan, Daniel"]
[Result "1/2-1/2"]
[WhiteElo "2325"]
[BlackElo "2445"]

1.e4 g6 2.d4 Bg7 3.Nc3 d6 4.Nge2 a6 5.a4 Nf6 6.g3 O-O 7.Bg2 e5 8.h3 Nc6 9.Be3 exd4
10.Nxd4 Bd7 11.O-O Re8 12.Re1 Rb8 13.g4 Nb4 14.Qd2 a5 15.Rad1 Bc6  1/2-1/2

[Event "ROM-chT"]
[Site "Eforie Nord"]
[Date "1997.??.??"]
[Round "?"]
[White "Berescu, Alin"]
[Black "Badea, Bela"]
[Result "0-1"]
[WhiteElo "2325"]
[BlackElo "2525"]

1.e4 g6 2.d4 Bg7 3.Nc3 d6 4.Nge2 Nf6 5.g3 O-O 6.Bg2 e5 7.h3 c6 8.a4 a5 9.O-O Na6
10.Re1 Nb4 11.Be3 Qc7 12.Qd2 Rd8 13.Rad1 Be6 14.b3 d5 15.exd5 Nfxd5 16.Nxd5 Bxd5
17.Bxd5 Rxd5 18.Qc1 exd4 19.Bxd4 Bxd4 20.Rxd4 Rxd4 21.Nxd4 Qd7 22.Nf3 Qxh3
23.Re7 Qf5 24.Kg2 Nd5 25.Re5 Qf6 26.c4 Nb4 27.Qc3 Kg7 28.Nh2 h5 29.Qe3 b6
30.Nf3 c5 31.Re4 Rd8 32.Rf4 Qc6 33.Qc3+ f6 34.Qe3 Re8 35.Qc3 Re4 36.Rxe4 Qxe4
37.Kf1 Qd3+ 38.Qxd3 Nxd3 39.Nd2 Kf7 40.Ke2 Ne5 41.Ne4 Nc6 42.Nc3 Nb4 43.Ke3 Ke6
44.Ke4 Nc6 45.Nd5 Ne7 46.Nf4+ Kd6 47.Nh3 g5 48.f4 g4 49.Ng1 Ke6 50.Ne2 Nf5
51.Kd3 h4 52.gxh4 Nxh4 53.Ke4 Nf5 54.Nc3 Nd4 55.Nd5 g3 56.f5+ Kd6 57.Ke3 Ke5
58.Nxb6 Kxf5 59.Nd7 Nxb3 60.Kf3 Ke6 61.Nb6 Ke5 62.Kxg3 Kd4  0-1

[Event "ROM-ch op (Women)"]
[Site "Eforie Nord"]
[Date "1997.??.??"]
[Round "?"]
[White "Vasiesiu, Cristina"]
[Black "Olarasu, Gabriela"]
[Result "1-0"]
[WhiteElo "2155"]
[BlackElo "2355"]

1.e4 g6 2.d4 d6 3.Nc3 Bg7 4.Bc4 Nf6 5.Qe2 Nc6 6.e5 Nxd4 7.exf6 Nxe2 8.fxg7 Rg8
9.Ngxe2 Rxg7 10.Bg5 c6 11.O-O-O Qa5 12.Bh6 Rg8 13.Nd4 Qh5 14.Be3 g5 15.h3 e5
16.Nf3 g4 17.Ne4 Rg6 18.Ng3 gxf3 19.Nxh5 fxg2 20.Rhg1 Bxh3 21.Ng3 f5 22.Bd3 Rf6
23.Bxf5 Bxf5 24.Nxf5 Rxf5 25.Rxd6 Ke7 26.Rh6 Rg8 27.Rxh7+ Rf7 28.Rxf7+ Kxf7
29.Kd2 e4 30.Bf4 Ke6 31.Bg3 Rg5 32.Rxg2 Ra5 33.a3 Rb5 34.b3 Rd5+ 35.Ke3 Rc5
36.c4 b5 37.Kd4 Rf5 38.Kxe4 bxc4 39.bxc4 Ra5 40.f4 Rxa3 41.f5+ Kf7 42.Be5 Ra4
43.Rg7+ Ke8 44.Kd4 Ra2 45.f6 a5 46.f7+  1-0

[Event "ROM-ch op (Women)"]
[Site "Eforie Nord"]
[Date "1997.??.??"]
[Round "?"]
[White "Ionescu Brandis, Irina"]
[Black "Olteanu, Gabriela"]
[Result "1-0"]
[WhiteElo "2260"]
[BlackElo "2035"]

1.e4 g6 2.d4 Bg7 3.Nc3 d6 4.Nf3 Nf6 5.Be2 O-O 6.O-O c6 7.a4 a5 8.h3 Qc7 9.Bf4 Nh5
10.Bh2 e5 11.Qd2 Nd7 12.Rad1 Re8 13.Rfe1 h6 14.Bc4 g5 15.Ne2 Nf4 16.Nxf4 gxf4
17.dxe5 dxe5 18.g3 Nb6 19.Bf1 fxg3 20.Bxg3 Nxa4 21.Ra1 b5 22.c4 Ba6 23.Rec1 Qb6
24.Qc2 f6 25.c5 Qa7 26.b3 Nxc5 27.Qxc5 Qxc5 28.Rxc5 Bb7 29.Rcc1 Kf7 30.Nh4 Red8
31.Bxb5 cxb5 32.Rc7+ Kg8 33.Rxb7 b4 34.Ng6 Rd3 35.Ne7+ Kf8 36.Nf5 Bh8 37.Rxb4  1-0

[Event "ROM-ch op (Women)"]
[Site "Eforie Nord"]
[Date "1997.??.??"]
[Round "?"]
[White "Fratila, Adela"]
[Black "Ionescu Brandis, Irina"]
[Result "0-1"]
[WhiteElo "2055"]
[BlackElo "2260"]

1.e4 g6 2.d4 Bg7 3.Nc3 d6 4.Nf3 Nf6 5.Be2 O-O 6.O-O c6 7.Bg5 Qc7 8.Qd2 Nbd7
9.Bh6 b5 10.Bxg7 Kxg7 11.Bd3 Bb7 12.Nh4 b4 13.Ne2 c5 14.Ng3 c4 15.Be2 Nxe4
16.Qxb4 Rab8 17.Nxe4 Bxe4 18.Qc3 Rfc8 19.f4 Nf6 20.Rab1 Nd5 21.Qd2 Rxb2 22.Rbc1 c3
23.Qe1 Bxc2 24.f5 Rcb8 25.Qg3 Be4 26.fxg6 hxg6 27.Bf3 Bxf3 28.Rxf3 e6 29.Qg5 Rb1
30.Rh3 Rxc1+ 31.Qxc1 c2  0-1

[Event "RUS-Cup5"]
[Site "Ekaterinburg"]
[Date "1997.??.??"]
[Round "1"]
[White "Rodin, Mihail"]
[Black "Glyanets, Alexander"]
[Result "0-1"]
[WhiteElo "2415"]
[BlackElo "2405"]

1.e4 g6 2.d4 Bg7 3.Nc3 d6 4.g3 Nf6 5.Bg2 O-O 6.Nge2 e5 7.h3 Nc6 8.Be3 exd4
9.Nxd4 Bd7 10.O-O Re8 11.Re1 Nxd4 12.Bxd4 c5 13.Be3 Bc6 14.Qd3 Re6 15.Rad1 Qb6
16.Nd5 Bxd5 17.exd5 Ree8 18.a3 Nd7 19.b4 Qc7 20.bxc5 Nxc5 21.Qc4 Qa5 22.Kh2 Bc3
23.Rf1 b5 24.Qf4 Be5 25.Qb4 Qxb4 26.axb4 Na4 27.Rb1 Rec8 28.f4 Bg7 29.Rf2 Re8
30.Bd2 Bd4 31.Rf3 Re2 32.Rd3 Bb6 33.h4 Rc8 34.c3 Rce8 35.Kh3 Be3 36.Bxe3 R2xe3
37.Rxe3 Rxe3 38.c4 bxc4 39.Ra1 Nb6 40.Rxa7 Rb3 41.Rc7 Rxb4 42.h5 Kf8 43.h6 Rb5
44.Rc6 Ke7 45.g4 Kd7 46.Kh4 Nxd5 47.Rxc4 Ne7 48.Ra4 Rb2 49.Kg3 Rb3+ 50.Kh4 Rb2
51.Kg3 Rc2 52.Ra8 Rc8 53.Ra7+ Ke6 54.Ra3 f6 55.Bf3 Rd8 56.Ra6 Rd7 57.Ra8 d5
58.Rh8 Nc6 59.f5+ gxf5 60.Kf4 Ne5 61.gxf5+ Kd6 62.Bh5 Ra7 63.Rf8 Ra4+ 64.Kg3 Ra3+
65.Kf2 Nd3+ 66.Ke3 Ke5 67.Bg6 Nf4+ 68.Kd2 Ra7 69.Rg8 Kd4 70.Rg7 Ra2+ 71.Kc1 hxg6
72.h7 Rh2 73.fxg6 f5 74.Rg8 Nxg6 75.Rxg6 Rxh7 76.Rf6 Ke5 77.Rf8 Rh2 78.Kd1 f4
79.Ke1 Ke4 80.Re8+ Kd3 81.Rf8 Ke3 82.Re8+ Kf3 83.Rd8 Rh5 84.Rd7 Re5+ 85.Kf1 Ke3
86.Ra7 d4 87.Ra1 d3  0-1

[Event "RUS-Cup5"]
[Site "Ekaterinburg"]
[Date "1997.??.??"]
[Round "3"]
[White "Varavin, Viktor"]
[Black "Glyanets, Alexander"]
[Result "0-1"]
[WhiteElo "2505"]
[BlackElo "2405"]

1.e4 g6 2.d4 Bg7 3.Nc3 d6 4.Be3 c6 5.Qd2 b5 6.h4 Nf6 7.f3 h5 8.a3 Nbd7 9.Nh3 Nb6
10.b3 Bxh3 11.Rxh3 a6 12.Be2 Qc7 13.a4 b4 14.Nd1 c5 15.Kf1 O-O 16.Nf2 cxd4
17.Bxd4 a5 18.g4 Nbd7 19.Rc1 Qb7 20.gxh5 Nxh5 21.Bxg7 Kxg7 22.f4 Rh8 23.Rd1 Rad8
24.c3 bxc3 25.Qxc3+ f6 26.Qf3 Rc8 27.Bc4 Nc5 28.Rd5 e5 29.fxe5 dxe5 30.Qe3 Qe7
31.Rh2 Nf4 32.Rd2 Rhd8 33.Nh3 Nxh3 34.Rxd8 Qxd8 35.Rxh3 Qd1+ 36.Kf2 Qc2+
37.Kg1 Nxe4 38.h5 Qd1+ 39.Kg2 Qg4+ 40.Kh2 g5 41.h6+ Kh8 42.Qa7 Qf4+ 43.Kg2 Qd2+
44.Kf3 Qd1+ 45.Kg2 Qc2+ 46.Kg1 Qc1+ 47.Kg2 Qd2+ 48.Kf3 g4+ 49.Kxe4 Qg2+ 50.Kf5 gxh3
51.Kxf6 h2 52.Bd5 Rf8+ 53.Kxe5 Qg5+ 54.Kd6 Qxh6+ 55.Kc7 Qg7+ 56.Kb6 Rf6+  0-1

[Event "RUS-Cup5"]
[Site "Ekaterinburg"]
[Date "1997.??.??"]
[Round "9"]
[White "Genba, Vladimir"]
[Black "Berezovics, Alexander"]
[Result "1-0"]
[WhiteElo "2415"]
[BlackElo "2355"]

1.e4 d6 2.d4 g6 3.Nc3 Bg7 4.Be3 c6 5.a4 Nf6 6.h3 Qa5 7.Qd2 Na6 8.Nf3 Nb4
9.Rc1 O-O 10.Be2 e5 11.dxe5 dxe5 12.O-O Rd8 13.Qe1 Qc7 14.Bc4 h6 15.Qe2 Nh5
16.Rcd1 Re8 17.Qd2 Nf4 18.Ne2 Nxe2+ 19.Bxe2 Qa5 20.Bxh6 Qxa4 21.c3 Na6 22.Bxg7 Kxg7
23.b4 Qb3 24.Ng5 Be6 25.Rb1 Rad8 26.Qe3 Qc2 27.Nf3 Nc7 28.Rfc1 Qa2 29.Ra1 Qb2
30.Rxa7 Nb5 31.Rxb7 Nd6 32.Rc7 Nxe4 33.Rxc6 Nd2 34.Re1 Bd5 35.Rc7 Bxf3 36.Bxf3 e4
37.Be2 Qb3 38.Rd1 Kg8 39.c4 Nxc4 40.Rxd8 Rxd8 41.Bxc4 Qd1+ 42.Kh2  1-0

[Event "FIN-chT 9697"]
[Site "FIN"]
[Date "1997.??.??"]
[Round "6.1"]
[White "Pulkkinen, Kari"]
[Black "Keskisarja, Teemu"]
[Result "1-0"]
[WhiteElo "2345"]
[BlackElo "2255"]

1.e4 g6 2.d4 Bg7 3.Nc3 d6 4.Be3 a6 5.a4 Nf6 6.Be2 O-O 7.Nf3 b6 8.O-O Bb7
9.Nd2 Nbd7 10.f4 d5 11.e5 Ne4 12.Ndxe4 dxe4 13.d5 f5 14.Bc4 Kh8 15.Ne2 Nc5
16.a5 e6 17.Bxc5 bxc5 18.dxe6 Re8 19.Qxd8 Raxd8 20.Rfd1 g5 21.Rxd8 Rxd8 22.e7 Re8
23.Rd1  1-0

[Event "FIN-chT 9697 Division-B"]
[Site "FIN"]
[Date "1997.??.??"]
[Round "7.1"]
[White "Raaste, Eero J"]
[Black "Kauppinen, Martti"]
[Result "1-0"]
[WhiteElo "2355"]
[BlackElo "2230"]

1.e4 d6 2.d4 g6 3.Nc3 Bg7 4.Bg5 c6 5.Qd2 Nd7 6.f4 b5 7.Nf3 b4 8.Nd1 Qb6 9.Ne3 a5
10.Bh4 Ngf6 11.Bd3 Qc7 12.O-O Nb6 13.c4 O-O 14.Rac1 c5 15.dxc5 dxc5 16.e5 Ng4
17.Nd5 Nxd5 18.cxd5 Bb7 19.Bc4 Kh8 20.h3 Nh6 21.g4 f6 22.d6 exd6 23.exf6 Bxf6
24.Bxf6+  1-0

[Event "FIN-chT 9697"]
[Site "FIN"]
[Date "1997.??.??"]
[Round "8.4"]
[White "Kokkila, Tero"]
[Black "Luukkonen, Tommi"]
[Result "1-0"]
[WhiteElo "2210"]
[BlackElo "2100"]

1.e4 g6 2.d4 Bg7 3.Nc3 d6 4.f4 Nf6 5.Nf3 c5 6.dxc5 Qa5 7.Bd3 Qxc5 8.Qe2 O-O
9.Be3 Qa5 10.O-O Bg4 11.h3 Bxf3 12.Qxf3 Nc6 13.a3 Nd7 14.Bd2 Qb6+ 15.Kh1 Nc5
16.Rab1 Nxd3 17.Qxd3 Rac8 18.Be3 Qc7 19.Nd5 Qd7 20.c4 Na5 21.c5 Rfd8 22.Rfd1 Nc6
23.b4 Qe8 24.cxd6 Kh8 25.Nxe7 Ra8 26.Nxc6 bxc6 27.Bd4 f6 28.Bc3 Qe6 29.f5 Qa2
30.fxg6 hxg6 31.e5 f5 32.Bd4 a5 33.Qg3 Qe6 34.Qb3 Re8 35.Qxe6 Rxe6 36.d7 Bf8
37.Bb6  1-0

[Event "FIN-chT 9798"]
[Site "Finland"]
[Date "1997.??.??"]
[Round "1"]
[White "Sepp, Olav"]
[Black "Kiik, Kalle"]
[Result "0-1"]
[WhiteElo "2425"]
[BlackElo "2380"]

1.e4 g6 2.d4 Bg7 3.Nc3 d6 4.Nf3 a6 5.a4 Bg4 6.Be3 Bxf3 7.Qxf3 Nc6 8.Rd1 Nb4
9.Bc4 e6 10.Bb3 Ne7 11.O-O O-O 12.Ne2 Nbc6 13.c3 Na5 14.Bc2 b5 15.Ng3 Qd7
16.axb5 axb5 17.Qe2 Rab8 18.Ra1 Nc4 19.Bc1 c5 20.dxc5 dxc5 21.Rd1 Qc7 22.Nf1 Nc6
23.Ne3 Nd6 24.Ng4 h5 25.Ne3 c4 26.Nf1 b4 27.cxb4 Nd4 28.Qd2 Rfd8 29.Ne3 N6b5
30.Qe1 h4 31.Ba4 Nd6 32.Ng4 h3 33.Bg5 hxg2 34.Nf6+ Bxf6  0-1

[Event "FRA-chT9697 groupe B"]
[Site "France"]
[Date "1997.??.??"]
[Round "5"]
[White "Knezevic, Bojan"]
[Black "Tkachiev, Vladislav"]
[Result "0-1"]
[WhiteElo "2370"]
[BlackElo "2630"]

1.e4 g6 2.d4 Bg7 3.Nc3 d6 4.Be3 c6 5.Qd2 b5 6.f3 Nd7 7.a4 b4 8.Nd1 Rb8 9.Bd3 Ngf6
10.Bh6 O-O 11.Bxg7 Kxg7 12.Ne2 e5 13.Ne3 Re8 14.O-O d5 15.exd5 cxd5 16.Bb5 a6
17.Bxd7 Bxd7 18.b3 Qb6 19.Rae1 a5 20.dxe5 Rxe5 21.Nd4 Rbe8 22.Re2 Bc8 23.Rd1 h5
24.h4 Ng4 25.Nxd5 Rxe2 26.Qxe2 Qxd4+ 27.Rxd4 Rxe2 28.fxg4 hxg4 29.g3 Rxc2
30.Nb6 Be6  0-1

[Event "Frydek-Mistek op-A"]
[Site "Frydek-Mistek"]
[Date "1997.??.??"]
[Round "1"]
[White "Berezjuk, Sergej"]
[Black "Keprt, Pavel"]
[Result "0-1"]
[WhiteElo "2410"]
[BlackElo "2250"]

1.e4 g6 2.d4 Bg7 3.Nc3 d6 4.Bc4 Nc6 5.Be3 e5 6.Nge2 exd4 7.Nxd4 Nxd4 8.Bxd4 Nf6
9.O-O O-O 10.f3 c6 11.a4 Bh6 12.Qd3 Qe7 13.Rad1 Nh5 14.g3 Be6 15.Rfe1 Rfe8
16.Bf2 Bxc4 17.Qxc4 Rad8 18.a5 a6 19.b4 Bg7 20.Na4 Qg5 21.Be3 Qb5 22.Qb3 Qe5
23.Kg2 Nf6 24.Bb6 Rd7 25.Bd4 Qe7 26.Nb6 Rdd8 27.Qc3 Nh5 28.Bxg7 Nxg7 29.Qd2 Qf6
30.c4 Ne6 31.Re3 Ng5 32.Rd3 h5 33.h4 Ne6 34.Qc3 Qe7 35.Qb2 g5 36.hxg5 Qxg5
37.Qd2 Qg6 38.Rh1 Ng7 39.Rh4 f5 40.Rd4 fxe4 41.fxe4 Re5 42.Kh2 Rg5 43.Rd3 Rg4
44.Rxg4 hxg4 45.c5 Qxe4 46.cxd6 Kf7 47.Qf4+ Qf5 48.d7 Qxf4 49.gxf4 Ke6 50.Kg3 Kf5
51.Re3 Nh5+ 52.Kh4 Nf6 53.Re5+ Kxf4  0-1

[Event "Frydek-Mistek op-B"]
[Site "Frydek-Mistek"]
[Date "1997.??.??"]
[Round "4"]
[White "Krivolopov, Konstantin"]
[Black "Ianov, Viktor"]
[Result "1-0"]
[WhiteElo "2315"]
[BlackElo "2310"]

1.e4 d6 2.d4 g6 3.Nc3 Bg7 4.Be3 a6 5.a4 b6 6.h4 Nf6 7.Be2 Bb7 8.Bf3 Nbd7
9.Nge2 e5 10.Ng3 h5 11.Be2 exd4 12.Bxd4 O-O 13.Qd2 Re8 14.f3 Ne5 15.Rd1 Qe7
16.Bf2 Rad8 17.O-O d5 18.Qg5 Kh7 19.f4 Ned7 20.e5 Bh6 21.Nf5 Bxg5 22.Nxe7 Bh6
23.Nexd5 Nxd5 24.Nxd5 Bxd5 25.Rxd5 Bxf4 26.Bd4 Bxe5 27.Rxf7+ Kg8 28.Rfxd7 Bxd4+
29.Rxd4 Rxd7 30.Bc4+ Rf7 31.Rd7 Re1+ 32.Kh2 Rf1 33.Rxc7 b5 34.axb5 axb5 35.Rxf7 Rxf7
36.Bxf7+ Kxf7 37.Kg3  1-0

[Event "Frydek-Mistek op-A"]
[Site "Frydek-Mistek"]
[Date "1997.??.??"]
[Round "4"]
[White "Socko, Bartosz"]
[Black "Keprt, Pavel"]
[Result "1-0"]
[WhiteElo "2435"]
[BlackElo "2250"]

1.e4 g6 2.d4 Bg7 3.Nc3 d6 4.Be3 Nc6 5.Qd2 e5 6.Nge2 exd4 7.Nxd4 Nxd4 8.Bxd4 Nf6
9.O-O-O O-O 10.f3 a5 11.g4 a4 12.a3 Bd7 13.e5 dxe5 14.Bc5 Bc6 15.Qe3 Nxg4
16.Rxd8 Nxe3 17.Rxf8+ Bxf8 18.Bxe3 Bxf3 19.Rg1 c6 20.Bc4 e4 21.Rf1 Re8 22.Bb6 Bh6+
23.Kb1 Bd2 24.Nxa4 Kg7 25.Bd4+ Kf8 26.Nb6 f5 27.Bf6 Re7 28.Bxe7+ Kxe7 29.a4 Ba5
30.Na8 Bg4 31.c3 Kd6 32.b4 Bd8 33.a5 e3 34.h3 Bh5 35.Nb6 Bh4 36.Rf4 Bf6 37.Kc2 e2
38.Bxe2 Bxe2 39.Rf2 Ba6 40.Rd2+ Ke6 41.Nd7 Be7 42.Nb8 Bb5 43.Kb3 Bd6 44.c4 Bxc4+
45.Kxc4 Bxb8 46.Rd8 Be5 47.Re8+ Kd6 48.Rb8 Kc7 49.Rf8 h6 50.Rf7+ Kc8 51.Rf8+ Kd7
52.Rf7+ Kc8 53.Rh7 Bf4 54.Rh8+ Kd7 55.Rh7+ Kc8 56.Rg7 g5 57.Rf7 h5 58.Rxf5 h4
59.Rf8+ Kd7 60.Rf7+ Kc8 61.Rg7 Be3 62.Re7 Bf4 63.Kc5 Bg3 64.Rf7 Bf4 65.Rf8+ Kc7
66.Rf7+ Kc8 67.a6 Be3+ 68.Kd6 bxa6 69.Kxc6 Kb8 70.Rb7+ Ka8 71.Re7 Bd4 72.Re4 Bf2
73.Re5  1-0

[Event "Arnold mem"]
[Site "Gausdal"]
[Date "1997.??.??"]
[Round "2"]
[White "Trygstad, Kristian"]
[Black "Karlsson, Tomas"]
[Result "1-0"]
[WhiteElo "2160"]
[BlackElo "2190"]

1.e4 g6 2.d4 Bg7 3.Nc3 d6 4.Be3 Nf6 5.Qd2 O-O 6.Nf3 Nbd7 7.Bh6 e5 8.Bxg7 Kxg7
9.Bc4 Qe7 10.O-O exd4 11.Nxd4 Nc5 12.Rae1 c6 13.f3 a5 14.a4 Bd7 15.Re2 Ne6
16.Nf5+ gxf5 17.exf5 d5 18.Bd3 Nh5 19.fxe6 fxe6 20.f4 Kh8 21.Re5 Qf7 22.Ne2 Rg8
23.Qc3 Qg7 24.Rf2 c5 25.Rxh5  1-0

[Event "Arnold mem"]
[Site "Gausdal"]
[Date "1997.??.??"]
[Round "2"]
[White "Malinarski, Yehuda"]
[Black "Kristensen, Bjarke"]
[Result "1/2-1/2"]
[WhiteElo "2250"]
[BlackElo "2430"]

1.e4 d6 2.d4 g6 3.Nc3 Bg7 4.f4 Nf6 5.Nf3 O-O 6.Be3 Na6 7.Qd2 c5 8.O-O-O Bg4
9.Be2 cxd4 10.Bxd4 Nc5 11.e5 Nh5 12.exd6 Qxd6 13.Bxg7 Kxg7 14.Qxd6 exd6 15.g3 Rfe8
16.Nd4 Nf6 17.Rhe1 a6 18.Bf3  1/2-1/2